LEADER 02494nam a2200445 u 4500 001 000000116567 003 CaOOAMICUS 005 20090703110316.0 008 090703s2009 it u000 u ita r 040 $aPUL$bita$dLDB 041 1 $aita$agrc$hgrc 100 0 $aPlutarchus,$dc. 50-127.$0(OLS)http://pul/name/7839 245 10$aVite parallere [sic] :$bAlessandro ; Cesare ; Pericle ; Fabio Massimo /$cPlutarco ; con contributi di Barbara Scardigli e Mario Manfredini. 246 3 $aVite parallele 260 $aMilano :$bR.C.S. Libri ;$aMilano :$bBUR,$cc2009. 300 $a751 p. ;$c18 cm. 490 1 $aGrandi classici greci e latini 504 $aInclude indici e riferimenti bibliografici. 505 0 $aContiene : Alessandro / introduzione, traduzione e note di Domenico Magnino ; Cesare / introduzione di Antonio La Penna, traduzione e note di Domenico Magnino ; Pericle / introduzione di Philip A. Stadter ; traduzione e note di Anna Santoni ; Fabio Massimo / introduzione di Roberto Guerrini, traduzione e note di Anna Santoni. 546 $aTesto greco a fronte. 700 1 $aMagnino, Domenico.$0(OLS)http://pul/name/13551 700 1 $aStadter, Philip A.$0(OLS)http://pul/name/62219 700 1 $aLa Penna, Antonio,$d1925-$0(OLS)http://pul/name/61919 700 1 $aManfredini, Mario.$0(OLS)http://pul/name/21261 700 1 $aSantoni, Anna.$0(OLS)http://pul/name/61918 700 1 $aGuerrini, Roberto.$0(OLS)http://pul/name/72405 700 1 $aScardigli, Barbara.$0(OLS)http://pul/name/39168 700 0 $aPlutarchus,$dc. 50-127.$tVitae parallelae.$kGruppi scelte.$lItaliano e greco.$0(OLS)http://pul/nameTitle/985$0(OLS)http://pul/name/7839$0(OLS)http://pul/title/146488 830 0$aGrandi classici greci e latini.$0(OLS)http://pul/title/143635 850 $aPUL 852 $aPUL$W1$xSL Cons. Gen., Altre Classi 3$y75$m880 COLL 2.29$j133608$qDDC 21$B132641$CPULBib$Z2$F132641 $H111003 $82 900 $aPlutarco,$dc. 50-127$97839 900 $aPlutarchus Chaeronensis,$dc. 50-127$97839 900 $aPlutarco,$dc. 50-127$97839 900 $aPlutarchus Chaeronensis,$dc. 50-127$97839 941 1 $a9 996 $6246$aVite parallele$9(OLS)http://pul/title/146490 996 $6245$aVite parallere [sic] :$bAlessandro ; Cesare ; Pericle ; Fabio Massimo$9(OLS)http://pul/title/146487 996 $6260$aMilano :$bR.C.S. Libri$9(OLS)http://pul/publisher/74600 996 $6260$aMilano :$bBUR$9(OLS)http://pul/publisher/70068 LEADER 01084nam a2200289 a 4500 001 000000133752 003 CaOOAMICUS 005 20130506140355.0 008 130506s2008 it u000 u ita r 020 $a978-88-213-0689-1 040 $aPUL$bita 082 04$a175 100 1 $aGatti, Guido.$0(OLS)http://pul/name/35564 245 10$aEtica della comunicazione /$cGuido Gatti ; a cura di Mario Toso. 260 $aRoma :$bLAS,$cİ2008. 300 $a208 p. ;$c21 cm 504 $aBibliografia in nota. 650 4$aEtica e comunicazione.$0(OLS)http://pul/subject/39096 700 0 $aToso, Mario.$0(OLS)http://pul/name/57528 850 $aPUL 852 $aPUL$W1$xSL Filosofia 3$y81$m175 GATGU 1$j153726$qDDC 21$B153301$CPULBib$Z2$F153301 $H122319 $82 941 1 $a9 996 $6020$a978-88-213-0689-1$9(OLS)http://pul/number/152582 996 $6082$a175$9(OLS)http://pul/classification/2327 996 $6245$aEtica della comunicazione$9(OLS)http://pul/title/113006 996 $6260$aRoma :$bLAS$9(OLS)http://pul/publisher/48069